000 00258nam a2200109Ia 4500
008 231212s1986 xx 000 0 und d
041 _aeng
082 _a621.381
100 _aMileat Harry
245 _aElectronic Vol. I
260 _aNew Delhi
_bMcGrowh
_c1986
999 _c959212
_d959212